Mémoires philosophiques, historiques, physiques. (Registro nro. 33485)
[ vista simple ]
| 000 -CABECERA | |
|---|---|
| campo de control de longitud fija | 00259nam a2200097 a 4500 |
| 005 - FECHA Y HORA DE LA ÚLTIMA TRANSACCIÓN | |
| campo de control | 20200930070702.0 |
| 008 - DATOS DE LONGITUD FIJA--INFORMACIÓN GENERAL | |
| campo de control de longitud fija | 110919s1787 000 spa d |
| 040 ## - FUENTE DE LA CATALOGACIÓN | |
| Centro catalogador/agencia de origen | DO-SdBNP |
| 245 #0 - MENCIÓN DE TÍTULO | |
| Título | Mémoires philosophiques, historiques, physiques. |
| 260 ## - PUBLICACIÓN, DISTRIBUCIÓN, ETC. | |
| Lugar de publicación, distribución, etc. | París, |
| Fecha de publicación, distribución, etc. | 1787. |
No hay ítems disponibles.
